Clases medias y crisis nacional: Costa Rica

Guardado en:
Bibliografiske detaljer
Hovedforfatter: Romero Pérez, Jorge Enrique
Format: Texto
Udgivet: San José: UNA. FLACSO. ICAP. CSUCA
Tags: Tilføj Tag
Ingen Tags, Vær først til at tagge denne postø!

MARC

LEADER 00000 a a2200000 04500
001 21005
003
040
090 |a 090400  
100 |a Romero Pérez, Jorge Enrique  
245 |a Clases medias y crisis nacional: Costa Rica  
260 |a San José:   |b UNA. FLACSO. ICAP. CSUCA  
300 |a 9 p.  
999 |c 7423  |d 7423